Budapest 114 Bus Stops - Statistics

General Stats
  • This quiz has been taken 8 times
  • The average score is 22 of 33
Answer Stats
Stop / Terminus % Correct
Bikás park M
86%
Háros vasútállomás
86%
Kosztolányi Dezső tér
86%
Móricz Zsigmond körtér M
86%
Városház tér
86%
Albertfalva utca
71%
Baross Gábor-telep, Ispiláng utca
71%
Budafok kocsiszín
71%
Budatétény vasútállomás (Növény utca)
71%
Fonyód utca
71%
Háros utca
71%
Jókai Mór utca
71%
Lépcsős utca
71%
Rákóczi út
71%
Savoyai Jenő tér
71%
Tűzliliom utca
71%
XIII. utca / Dózsa György út
71%
XVI. utca
71%
Andor utca / Tétényi út
57%
Bem tábornok utca
57%
Bornemissza tér
57%
Csurgói út
57%
Karolina út
57%
Leányka utcai lakótelep
57%
Nyéki Imre Uszoda
57%
Puskás Tivadar utca
57%
Rózsakert utca / Minta utca
57%
Szent Imre Kórház
57%
Szent László utca
57%
Terv utca
57%
Tétényi út 30.
57%
Tóth József utca
57%
Vágóhíd utca
57%
No matching quizzes found
Score Distribution
Percent of People with Each Score
Percentile by Number Answered
Your Score History
You have not taken this quiz